LEADER 02922nam0 2200553 i 450 001 RAV0670099 005 20251003044329.0 010 $a8815071997 100 $a20090109d2000 ||||0itac50 ba 101 | $aita 102 $ait 181 1$6z01$ai $bxxxe 182 1$6z01$an 200 1 $aˆL'‰economia dei servizi$fFlavia Martinelli, Jean Gadrey 210 $aBologna$cIl mulino$d[2000] 215 $a278 p.$d22 cm 225 | $aˆLe ‰vie della civiltà 300 $aEd. italiana a cura di F. Martinelli 300 $aTrad. di F. Martinelli. 410 0$1001CFI0025045$12001 $aˆLe ‰vie della civiltà 606 $aAziende di servizi$xEconomia$2FIR$3SBLC004368$9I 606 $aSERVIZI$xECONOMIA$2FIR$3MILC002513$9I 676 $a338.4$9Produzione. Industrie secondarie e servizi$v14 676 $a338.40945$9$v12 676 $a338.47$9BENI E SERVIZI$v21 686 $aHB 71$c$2C 696 $aAziende del settore terziario$aAziende di beni e servizi$aEconomia reale$aAttività economiche$aAspetti economici 696 $aEconomia reale$aAttività economiche$aAspetti economici 699 $aAziende di servizi$yAziende del settore terziario 699 $aAziende di servizi$yAziende di beni e servizi 699 $aEconomia$yEconomia reale 699 $aEconomia$zAttività economiche 699 $aEconomia$zAspetti economici 699 $aEconomia$yEconomia reale 699 $aEconomia$zAttività economiche 699 $aEconomia$zAspetti economici 700 1$aMartinelli$b, Flavia$3RAVV223824$4070$089530 701 1$aGadrey$b, Jean$3MILV095940$4070$0121382 801 3$aIT$bIT-000000$c20090109 850 $aIT-BN0095 $aIT-NA0457 $aIT-NA0452 $aIT-AV0045 901 $bNAP MV$cP $nSALA BIBLIOGRAFIA 901 $bNAP BI$cSALA 5 $nLibri da 4151 in poi 901 $bNAP 01$cPOZZO LIB.$nVi sono collocati fondi di economia, periodici di ingegneria e scienze, periodici di economia e statistica e altri fondi comprendenti documenti di economia pervenuti in dono. 901 $bNAP IS$cIREM $nSezione di economia dell'ex Istituto di ricerca sull'economia del Mediterraneo 912 $aRAV0670099 950 0$aBiblioteca Centralizzata di Ateneo$c1 v. in tre copie$d 01POZZO LIB.ECON MON 1385$e 0101 0000025505E VMA (bis 1 v. (2. copia. - Precedente collocazione: DASES B 319 bis)$fB $h20081022$i20081022$c1 v. in tre copie$d 01POZZO LIB.ECON MON 1385$e 0101 0000025515E VMA (ter 1 v. (3. copia. - Precedente collocazione: DASES B 319 ter)$fB $h20081022$i20081022$c1 v. in tre copie$d 01POZZO LIB.ECON MON 1385$e 0101 0000007805E VMA 1 v. (Precedente collocazione: DASES B 319)$fB $h20080617$i20080617 977 $a 01$a BI$a IS$a MV 996 $aEconomia dei servizi$966290 997 $aUNISANNIO